| 000 | 00000nam##2200000za#4500 |
| 001 | 9.643223 |
| 003 | CaOODSP |
| 005 | 20210624224053 |
| 007 | cr ||||||||||| |
| 008 | 150407|1973||||xxc|||||o f|0| 0 fre|d |
| 040 | |aCaOODSP|bfre |
| 043 | |an-cn--- |
| 086 | 1 |aA53-1493/1973F-PDF |
| 110 | 1 |aCanada.|bAgriculture Canada. |bDirection générale de recherche. |
| 245 | 10|aCulture du pois sec / |h[ressource électronique]|c[par] S.T. Ali-Khan et R.C. Zimmer. |
| 260 | |aOttawa - Ontario : |bAgriculture Canada. |c1973, c1974. |
| 300 | |a12p.|btableau |
| 500 | |aPublication historique numérisée par Agriculture et Agroalimentaire Canada. |
| 590 | |a14-11-Supp|b2014-05-21 |
| 691 | 07|aExploitation agricole|2gcpds |
| 691 | 07|aCultures maraîchères|2gcpds |
| 775 | 08|tGrowing field peas / |w(CaOODSP)9.699247 |
| 856 | 40|ahttp://publications.gc.ca|qPDF|s593 Ko|uhttps://publications.gc.ca/collections/collection_2014/aac-aafc/agrhist/A53-1493-1973-fra.pdf |
| 986 | |a1493 |